1616 1778 1836 1202 1766 1338 1943 1691 1560 1356 1863 1237 1997 1055 1067 1875 1366 1732 1777 1009 1066 1532 1858 1689 1501 1475 1863 1775 1174 1801 1348 1925 1328 1917 1591 1649 1273 1667 1404 1549 1400 1269 1737 1121 1875 1152 1597 1937 1733 1031 1780 1982 1861 1185 1003 1170 1759 1667 1483 1406 1710 1580 1636 1232 1371 1694 1944 1204 1322 1068 1123 1730 1678 1378 1184 1519 1343 1200 1616 1349 1696 1137 1717 1443 1732 1365 1751 1738 1490 1590 1900 1568 1207 1222 1200 1809 1614 1536 1288 BCNSPRNW ULIB Ver.6.0+V

เปลี่ยนเป็นภาษาไทย

Change to English
 แสดงรายละเอียดบรรณานุกรม
  กลับหน้าหลัก

Brief Record : Get Marc (ISO 2709) : E-mail record : QR code < ปิดหน้าต่าง
LEADER : 00000nam 2200000uu 4500
001    13399123113
003     ULIB
008    210214s2556||||th 000 0 tha d
020    9789742968137
060 04 WY160^bก425ม 2556
110 1  กระทรวงสาธารณสุข.^bกรมสุขภาพจิตและสำนักการพยาบาล.
245 00 การพยาบาลจิตเวชและสุขภาพจิต /^cกรมสุขภาพจิตและสำนักการพยาบาล.
250    พิมพ์ครั้งที่ 1
260    กรุงเทพฯ :^bกรมสุขภาพจิตและสำนักการพยาบาล,^c2556
300    250 หน้า ;^c30 ซม.
650  7 มาตรฐาน^xการพยาบาลจิตเวช
650  7 การพยาบาลจิตเวชศาสตร์
650  7 จิตเวชศาสตร์^xการพยาบาล
650  7 สุขภาพจิต^xการพยาบาล
700 1  กาญจนา จันทร์ไทย^e,บรรณาธิการ
700 1  ประหยัด ประภาพรหม.^e,บรรณาธิการร่วม
700 1  ราณี พรมานะจิรังกุล.^e,บรรณาธิการร่วม
700 1  ธีรพร สถิรอังกูร.^e,บรรณาธิการร่วม
945    ^p0^l0^i20299
995    ทศพร
999    ^aใช้งานได้ทุกระบบ
รายการนี้ยังไม่มีแท็ก
คุณยังไม่ได้ล็อกอิน คุณสามารถมีกิจกรรมร่วมกับเว็บไซต์ได้ แต่ต้องล็อกอินก่อน ::
  ล็อกอิน

รายการสื่อสารสนเทศ

ลำดับที่ ประเภท เลขเรียก/บาร์โค้ด สถานที่ สถานะ
1. Book การพยาบาล
Book การพยาบาล
สถานะ=หนังสือเก่า
WY160 ก425ม 2556 ฉ.1 
  Barcode: 20299
ห้องสมุดวิทยาเขตนครสวรรค์
►ส่วนจัดเก็บหนังสือเก่า นว.
บนชั้น
  ขอยืม

รายการใกล้เคียง
    หัวเรื่อง [การพยาบาลจิตเวชศาสตร์]

BibComment


ยังไม่เคยถูกคอมเมนท์

คอมเมนท์ทรัพยากรรายการนี้
  คอมเมนท์: การพยาบาลจิตเวชแล..


 Copyright 2026. Bcnsprnw @Library